000
00222 a2200097 4500
001
30092
100
_a
Evans
245
_a
Microprogramming techniques with sample progress
260
_a
_b
Reston
_c
090
_c
20043
_d
20043
942
_a
NUST-CAE
_c
M
_c
11163
999
_c
265165
_d
265165